000 005460000a22001810004500
003 MACL
005 20160301160719.0
008 160301b xxu||||| |||| 00| 0 eng d
040 _aMACL
_cMACL
041 _aHindi
082 _a891.431
100 _aकाकासाहेब कालेलकर
_940097
245 _aकृपा किरन
260 _bवोरा अेन्‍ड कंपनी पब्लिशर्स
_c1947
_aबम्‍बई
350 _a1
650 _aPoetry
_941740
942 _cHIN
_k891.431
_2ddc
999 _c24027
_d24027